| 000 | 00904nam a2200229 a 4500 | ||
|---|---|---|---|
| 001 | 60188 | ||
| 003 | BD-RjUL | ||
| 005 | 20211209080819.0 | ||
| 008 | 161228s19541951ii ||||| |||| 00| 0 ben d | ||
| 035 | _a(BD-RjUL)60312 | ||
| 040 |
_aBD-RjUL _bben _cBD-RjUL _dBD-RjUL |
||
| 041 | _aben | ||
| 082 |
_223 _a294.555 _bSEP 1954 |
||
| 100 |
_aসেনগুপ্ত, অচিন্ত্যকুমার _9116540 |
||
| 245 | 1 | 0 |
_aপরমপুরুষ শ্রীশ্রীরামকৃষ্ণ / _cঅচিন্ত্কুমার সেনগুপ্ত |
| 260 |
_aকলকাতা : _bসিগনেট প্রেস, _c১৯৫১-১৯৫৪ |
||
| 300 |
_a খণ্ড. ; _c২১ সেমি. |
||
| 505 | 0 | _aখণ্ড ১ -- খণ্ড ২ -- | |
| 650 |
_aশ্রীরামকৃষ্ণ _9127682 |
||
| 650 |
_aSriramakrisna _9127683 |
||
| 942 |
_2ddc _cBK |
||
| 999 |
_c60188 _d60188 |
||